000 00691nam a2200205Ia 4500
999 _c65189
_d65189
005 20240530110811.0
008 140319s2010 jo a b 000 0 ara d
017 _a2009/6/2701
_bعمان . دائرة المكتبة الوطنية
040 _aGCL /
_cGCL
082 0 4 _221
_a796 /
_bخ ع
100 0 _aخالد محمد الحشحوش
245 1 0 _aعالم الرياضة والصحة /
_cتأليف خالد محمد الحشحوش
250 _aط.1
260 _aعمان :
_c2010 .
300 _a214 ص. :
_bايض. ؛
_c24 سم.
650 0 7 _aالالعاب الرياضية
_2qrmak
651 _2qrmak
942 _2ddc
_cBK